Accounts at a glance, Karnataka (Record no. 477298)
[ view plain ]
| 000 -LEADER | |
|---|---|
| fixed length control field | 00456cam a22001217a 4500 |
| 008 - FIXED-LENGTH DATA ELEMENTS--GENERAL INFORMATION | |
| fixed length control field | 180718b-- xxu||||| |||| 00| 0 eng d |
| 082 ## - DEWEY DECIMAL CLASSIFICATION NUMBER | |
| Classification number | L906x5444 G |
| 245 ## - TITLE STATEMENT | |
| Title | Accounts at a glance, Karnataka |
| 260 ## - PUBLICATION, DISTRIBUTION, ETC. | |
| Place of publication, distribution, etc. | Bangalore |
| Name of publisher, distributor, etc. | Accountant General (Accounts and Entitlements) |
| Date of publication, distribution, etc. | -- |
| 500 ## - GENERAL NOTE | |
| General note | Library has 2002/03-2004/05, 2007/08-2008/09 |
| 650 ## - SUBJECT ADDED ENTRY--TOPICAL TERM | |
| Topical term or geographic name entry element | Karnataka - Appropriations and expenditures |
| 700 ## - ADDED ENTRY--PERSONAL NAME | |
| Personal name | Karnataka. Accountant General (Accounts and Entitlements) |
| Withdrawn status | Lost status | Damaged status | Not for loan | Permanent Location | Current Location | Date acquired | Full call number | Barcode | Date last seen | Price effective from | Koha item type |
|---|---|---|---|---|---|---|---|---|---|---|---|
| Indian Institute of Public Administration | Indian Institute of Public Administration | 2018-08-04 | L906x5444 G | GG29805 | 2018-08-04 | 2018-08-04 | GG | ||||
| Indian Institute of Public Administration | Indian Institute of Public Administration | 2018-08-04 | L906x5444 G | GG29497 | 2018-08-04 | 2018-08-04 | GG | ||||
| Indian Institute of Public Administration | Indian Institute of Public Administration | 2018-08-04 | L906x5444 G | GG28677 | 2018-08-04 | 2018-08-04 | GG | ||||
| Indian Institute of Public Administration | Indian Institute of Public Administration | 2018-08-04 | L906x5444 G | GG27875 | 2018-08-04 | 2018-08-04 | GG | ||||
| Indian Institute of Public Administration | Indian Institute of Public Administration | 2018-08-04 | L906x5444 G | GG26970 | 2018-08-04 | 2018-08-04 | GG |
